000 00239nam a2200109Ia 4500
005 20251222143204.0
008 251222s9999||||xx |||||||||||||| ||spa||
082 _a853.9/P25G
100 _a"Papini, Giovanni"
245 0 _aGog
942 _cLIB
999 _c13184
_d13184